000 00836nam a22002537a 4500
003 0
005 20180709131614.0
008 0
010 _aB-227816
020 _c00.00
_a0070608008
035 _aB-227816, B-227817
037 _bCen Lib/Ret
040 _aDPL
_bEN
_c0
082 _a658.3
_bCAN
100 _aCanfield, Jack
_992522
245 _aHeart at work :
_cby Jack Canfield [and] Jacqueline Miller
_bstories and strategies for building self esteem and reawakrnning the soul at work /
260 _aNew Delhi
_bTata McGraw Hill Publishing Company
_c2005
270 _a7 West Patel Nagar
_bNew Delhi
_e110008
300 _axviii, 266p.
_c23cm(pbk)
650 _aEmployee morale
_938300
650 _aPersonnel management
_913632
700 _aMiller, Jacqueline
_938301
942 _2ddc
_cEN
_h658.3
_mCAN
999 _c133566
_d133566